| 000 | 00332nam a22001217a 4500 | ||
|---|---|---|---|
| 999 |
_c12777 _d12777 |
||
| 020 | _a9788131248874 | ||
| 082 | _a570.151 | ||
| 100 | _aAntonisamy Belvendra, Premkumar Prasanna.S & Chirstopher Solomon | ||
| 245 | _aPrinciples and Practice of Bio statistics | ||
| 260 |
_aIndia _bElsevier _c2017 |
||
| 300 | _a378 pages | ||
| 942 | _cBK | ||